| 000 | 01388nam a2200349 c 4500 | ||
|---|---|---|---|
| 003 | BLK | ||
| 005 | 20180420214918.0 | ||
| 008 | 180412b bul|||||r ||||||| ||bul|| | ||
| 010 | _aKNG00015709000 | ||
| 040 | _aBLK | ||
| 041 |
_aBUL _cBUL |
||
| 080 |
_aАмериканска литература (на САЩ) _b821.111(73) _x-31 _z821.111(73)-31 |
||
| 100 | 1 |
_aГрей, Зейн _eпърви автор _9255961 |
|
| 700 | 1 |
_aАнгелов, Венцислав _eпрев. от англ. _9258891 |
|
| 139 |
_aГрей, Зейн _bГ 79 |
||
| 245 | 1 | 0 |
_aПустинно злато _bРоман _cЗейн Грей; прев. от англ. Венцислав Ангелов. |
| 257 | _aUSA | ||
| 260 |
_аСофия _bОрион _c1996 |
||
| 300 |
_a224 с. _c20 см |
||
| 380 | _aX | ||
| 490 | 1 | _aСветовна библиотека | |
| 490 | 1 |
_3Подсерия _aПоредица Избрани приключенски романи |
|
| 500 | _aБез сведение за ориг. загл. - 2 000 тир. - Съдържа и за авт. | ||
| 653 | _aромани | ||
| 653 | _aлитература за деца | ||
| 653 | _aдетска литература | ||
| 852 | _aЦб 191162 | ||
| 856 | 4 |
_qpdf _u |
|
| 856 | 4 |
_qpdf _u |
|
| 942 |
_cKNG _n0 |
||
| 944 |
_aCR _c15.01.2003 _lф / _kЛюдмила_Стоянова |
||
| 944 |
_aED _c29.08.2017 _lф / _kВиолета_Тройчева |
||
| 999 |
_c14016 _d14016 |
||